| 000 | 00740nam a2200229 4500 | ||
|---|---|---|---|
| 001 | 109169 | ||
| 003 | ES-MaACL | ||
| 005 | 20240605104805.0 | ||
| 007 | t| | ||
| 008 | 061121s1979 sp r ||||1| spa d | ||
| 100 | 1 |
_aMuelas, Federico, _d1909-1974 _984034 |
|
| 245 | 1 | 0 |
_aPoesía / _cFederico Muelas; edición a cargo de Carlos de la Rica. |
| 260 |
_aCuenca ; Madrid : _bDiputación Provincial de Cuenca : Do-Mo, _c1979. |
||
| 300 |
_a821 p. ; _c20 cm. |
||
| 490 | 1 |
_aEl toro de barro ; _v9 |
|
| 700 | 0 |
_aRica, Carlos de la, _d1930-1997 _996845 |
|
| 830 | 0 |
_aEl toro de barro ; _v9 _9183381 |
|
| 852 |
_aES-MaACL _jA-10410 _bR.99700 |
||
| 852 |
_aES-MaACL _jA-10411 _bR.99542 |
||
| 942 | _2udc | ||
| 999 |
_c109169 _d109169 |
||